Die lateinische sprache. Ein Lehrgang für deren Liebhaber

Gespeichert in:
Bibliographische Detailangaben
1. Verfasser: Eisenhut, Werner (VerfasserIn)
Format: Buch
Sprache:Deutsch
Veröffentlicht: Múnich Ernst Heimeran 1962
Ausgabe:1a. ed
Schlagworte:
Tags: Tag hinzufügen
Keine Tags, Fügen Sie den ersten Tag hinzu!

MARC

LEADER 00000cam a2200000 a 4500
001 UCD4531
003 CL-VaPUC
008 160713e19620000gw |||||||||||||||||ger|d
082 0 4 |a 470  |b EIS  |2 21 
100 0 |a Eisenhut, Werner  |e author  |9 588254 
245 1 4 |a Die lateinische sprache. Ein Lehrgang für deren Liebhaber 
250 |a 1a. ed 
300 |a 352 p 
942 |c BK 
945 |d 20160713 20:53:00  |a dcastane 
260 |a Múnich  |b Ernst Heimeran  |c 1962 
650 0 |a Lengua latina  |9 347368 
650 0 |a Enseñanza de idiomas  |9 339820 
583 |a last modification  |c 20160713 20:53:00  |k Rodrigo Vera 
999 |c 365423  |d 365421 
952 |0 0  |1 0  |3 erd  |4 0  |6 470_000000000000000_EIS_1962  |7 0  |8 A  |9 479284  |a FDOHBE  |b FDOHBE  |e Huesbe Llanos, Marco Antonio, 1934-  |i 5307910  |o 470 EIS 1962  |p 5307910  |r 2024-01-30  |w 2019-11-24  |y BK  |z Catalogado en:20160713  |k HBE